<?xml version="1.0" encoding="UTF-8"?>
<record
    xmlns:xsi="http://www.w3.org/2001/XMLSchema-instance"
    xsi:schemaLocation="http://www.loc.gov/MARC21/slim http://www.loc.gov/standards/marcxml/schema/MARC21slim.xsd"
    xmlns="http://www.loc.gov/MARC21/slim">

  <leader>03588njm a2200529Ia 4500</leader>
  <controlfield tag="001">85330</controlfield>
  <controlfield tag="003">IT-RoPAU</controlfield>
  <controlfield tag="005">20220918181139.0</controlfield>
  <controlfield tag="008">131025s9999    xx            000 0 und d</controlfield>
  <datafield tag="040" ind1=" " ind2=" ">
    <subfield code="a">IT-RoPAU</subfield>
  </datafield>
  <datafield tag="040" ind1=" " ind2=" ">
    <subfield code="c">IT-RoPAU</subfield>
  </datafield>
  <datafield tag="041" ind1=" " ind2=" ">
    <subfield code="a">INGLESE</subfield>
  </datafield>
  <datafield tag="999" ind1=" " ind2=" ">
    <subfield code="c">101138</subfield>
    <subfield code="d">101138</subfield>
  </datafield>
  <datafield tag="999" ind1=" " ind2=" ">
    <subfield code="b">n.d.</subfield>
  </datafield>
  <datafield tag="100" ind1=" " ind2=" ">
    <subfield code="a">AA.VV.</subfield>
    <subfield code="9">794</subfield>
  </datafield>
  <datafield tag="100" ind1=" " ind2=" ">
    <subfield code="e">Autore musica</subfield>
    <subfield code="9">26474</subfield>
  </datafield>
  <datafield tag="100" ind1=" " ind2=" ">
    <subfield code="g">Codice autore musica SPICS: 12000</subfield>
    <subfield code="9">796</subfield>
  </datafield>
  <datafield tag="245" ind1=" " ind2=" ">
    <subfield code="a">Back On the Block</subfield>
  </datafield>
  <datafield tag="250" ind1=" " ind2=" ">
    <subfield code="a">1a ed.</subfield>
  </datafield>
  <datafield tag="260" ind1=" " ind2=" ">
    <subfield code="a">USA</subfield>
  </datafield>
  <datafield tag="260" ind1=" " ind2=" ">
    <subfield code="b">QWEST RECORDS</subfield>
    <subfield code="c">1989 [1a Ed.:1989 - Ed. Lingua Orig.: 1989]</subfield>
  </datafield>
  <datafield tag="300" ind1=" " ind2=" ">
    <subfield code="a">DISCO</subfield>
  </datafield>
  <datafield tag="300" ind1=" " ind2=" ">
    <subfield code="c">62 minuti (Testo: 0 pag.)</subfield>
  </datafield>
  <datafield tag="500" ind1=" " ind2=" ">
    <subfield code="a">Musica pop. Canzone inglese</subfield>
  </datafield>
  <datafield tag="505" ind1=" " ind2=" ">
    <subfield code="a">Jazz Corner of the Word (3:00) - Birdland (6:00) - Setembro [(Brazilian Wedding Song) (6:00)] - One Man Woman (4:00) - Tomorrow [(A Better You, Better Me) (5:00)] - Prelude To the Garden (8:00) - The Secret Garden (7:00) - Prologue [(2 Q's Rap) (2:00)] - Back On the Block (7:00) - I Don't Go For That (6:00) - I'll Be Good To You (5:00) - The Verb To Be (8:00) - Wee B. Dooinit (4:00) - The Places You Find Love (7:00)</subfield>
  </datafield>
  <datafield tag="650" ind1=" " ind2=" ">
    <subfield code="a">POP [DISCHI]</subfield>
    <subfield code="e">Codice MATERIA SPICS: 9950</subfield>
    <subfield code="9">1001</subfield>
  </datafield>
  <datafield tag="700" ind1=" " ind2=" ">
    <subfield code="a">Jones Quincy</subfield>
    <subfield code="g">Codice interprete SPICS: 10960</subfield>
    <subfield code="e">Interprete</subfield>
    <subfield code="9">26475</subfield>
  </datafield>
  <datafield tag="700" ind1=" " ind2=" ">
    <subfield code="a">Kane Big Daddy</subfield>
    <subfield code="g">Codice autore musica SPICS: 29887</subfield>
    <subfield code="e">Autore musica</subfield>
    <subfield code="p">Jazz Corner of the Word</subfield>
    <subfield code="9">26476</subfield>
  </datafield>
  <datafield tag="700" ind1=" " ind2=" ">
    <subfield code="a">Dee Kool Moe</subfield>
    <subfield code="g">Codice autore testo/musica SPICS: 29888</subfield>
    <subfield code="e">Autore testo/musica</subfield>
    <subfield code="p">Jazz Corner of the Word</subfield>
    <subfield code="9">26477</subfield>
  </datafield>
  <datafield tag="700" ind1=" " ind2=" ">
    <subfield code="a">Zawinul Josef</subfield>
    <subfield code="g">Codice autore testo/musica SPICS: 29324</subfield>
    <subfield code="e">Autore testo/musica</subfield>
    <subfield code="p">Birdland</subfield>
    <subfield code="9">26478</subfield>
  </datafield>
  <datafield tag="700" ind1=" " ind2=" ">
    <subfield code="a">Peranzetta Gilson</subfield>
    <subfield code="g">Codice autore musica SPICS: 29889</subfield>
    <subfield code="e">Autore musica</subfield>
    <subfield code="p">Setembro</subfield>
    <subfield code="9">26479</subfield>
  </datafield>
  <datafield tag="700" ind1=" " ind2=" ">
    <subfield code="a">Lins Ivan</subfield>
    <subfield code="g">Codice autore testo/musica SPICS: 29890</subfield>
    <subfield code="e">Autore testo/musica</subfield>
    <subfield code="p">Setembro</subfield>
    <subfield code="9">26480</subfield>
  </datafield>
  <datafield tag="700" ind1=" " ind2=" ">
    <subfield code="a">Prince Ian</subfield>
    <subfield code="g">Codice autore musica SPICS: 29891</subfield>
    <subfield code="e">Autore musica</subfield>
    <subfield code="p">One Man Woman - I Don't Go For That - Wee B. Dooinit</subfield>
    <subfield code="9">26481</subfield>
  </datafield>
  <datafield tag="700" ind1=" " ind2=" ">
    <subfield code="a">Garrett Siedah</subfield>
    <subfield code="g">Codice autore SPICS: 21778</subfield>
    <subfield code="e">Autore</subfield>
    <subfield code="p">One Man Woman - Tomorrow (A Better You, Better Me) - Back On the Block - The Secret Garden </subfield>
    <subfield code="9">26482</subfield>
  </datafield>
  <datafield tag="700" ind1=" " ind2=" ">
    <subfield code="a">Roberts Harriet</subfield>
    <subfield code="g">Codice autore testo/musica SPICS: 29892</subfield>
    <subfield code="e">Autore testo/musica</subfield>
    <subfield code="p">One Man Woman</subfield>
    <subfield code="9">26483</subfield>
  </datafield>
  <datafield tag="700" ind1=" " ind2=" ">
    <subfield code="a">Johnson George</subfield>
    <subfield code="g">Codice autore musica SPICS: 29893</subfield>
    <subfield code="e">Autore musica</subfield>
    <subfield code="p">Tomorrow (A Better You, Better Me) - I'll Be Good To You</subfield>
    <subfield code="9">26484</subfield>
  </datafield>
  <datafield tag="700" ind1=" " ind2=" ">
    <subfield code="a">Johnson Luis</subfield>
    <subfield code="g">Codice autore SPICS: 29894</subfield>
    <subfield code="e">Autore</subfield>
    <subfield code="p">Tomorrow (A Better You, Better Me) - I'll Be Good To You</subfield>
    <subfield code="9">26485</subfield>
  </datafield>
  <datafield tag="700" ind1=" " ind2=" ">
    <subfield code="a">Calandrelli Jorge</subfield>
    <subfield code="g">Codice autore musica SPICS: 29895</subfield>
    <subfield code="e">Autore musica</subfield>
    <subfield code="p">Prelude To the Garden</subfield>
    <subfield code="9">26486</subfield>
  </datafield>
  <datafield tag="700" ind1=" " ind2=" ">
    <subfield code="a">Jones Quincy</subfield>
    <subfield code="g">Codice autore musica SPICS: 10960</subfield>
    <subfield code="e">Autore musica</subfield>
    <subfield code="p">The Secret Garden - Prologue (2 Q's Rap) - Back On the Block - Wee B. Dooinit</subfield>
    <subfield code="9">26487</subfield>
  </datafield>
  <datafield tag="700" ind1=" " ind2=" ">
    <subfield code="a">Temperton Rod</subfield>
    <subfield code="g">Codice autore SPICS: 29896</subfield>
    <subfield code="e">Autore musica</subfield>
    <subfield code="p">The Secret Garden - Back On the Block</subfield>
    <subfield code="9">26488</subfield>
  </datafield>
  <datafield tag="700" ind1=" " ind2=" ">
    <subfield code="a">Kane Big Daddy</subfield>
    <subfield code="g">Codice autore testo/musica SPICS: 29887</subfield>
    <subfield code="e">Autore testo/musica</subfield>
    <subfield code="p">Wee B. Dooinit</subfield>
    <subfield code="9">26489</subfield>
  </datafield>
  <datafield tag="700" ind1=" " ind2=" ">
    <subfield code="a">Sam Sonora</subfield>
    <subfield code="g">Codice autore testo/musica SPICS: 29897</subfield>
    <subfield code="e">Autore testo/musica</subfield>
    <subfield code="p">I'll Be Good To You</subfield>
    <subfield code="9">26490</subfield>
  </datafield>
  <datafield tag="700" ind1=" " ind2=" ">
    <subfield code="a">Warren Mervyn</subfield>
    <subfield code="g">Codice autore testo/musica SPICS: 29898</subfield>
    <subfield code="e">Autore testo/musica</subfield>
    <subfield code="p">The Verb To Be</subfield>
    <subfield code="9">26491</subfield>
  </datafield>
  <datafield tag="700" ind1=" " ind2=" ">
    <subfield code="a">Ballard Glen</subfield>
    <subfield code="g">Codice autore musica SPICS: 21779</subfield>
    <subfield code="e">Autore musica</subfield>
    <subfield code="p">The Places You Find Love</subfield>
    <subfield code="9">26492</subfield>
  </datafield>
  <datafield tag="700" ind1=" " ind2=" ">
    <subfield code="a">Magness Cliff</subfield>
    <subfield code="g">Codice autore SPICS: 29899</subfield>
    <subfield code="e">Autore</subfield>
    <subfield code="p">The Places You Find Love</subfield>
    <subfield code="9">26493</subfield>
  </datafield>
  <datafield tag="700" ind1=" " ind2=" ">
    <subfield code="a">Semenya Caiphus</subfield>
    <subfield code="g">Codice autore testo/musica SPICS: 29900</subfield>
    <subfield code="e">Autore testo/musica</subfield>
    <subfield code="p">The Places You Find Love</subfield>
    <subfield code="9">26494</subfield>
  </datafield>
  <datafield tag="942" ind1=" " ind2=" ">
    <subfield code="c">MD</subfield>
    <subfield code="2">ddc</subfield>
  </datafield>
  <datafield tag="952" ind1=" " ind2=" ">
    <subfield code="0">0</subfield>
    <subfield code="1">0</subfield>
    <subfield code="4">0</subfield>
    <subfield code="6">85330_000000000000000</subfield>
    <subfield code="7">1</subfield>
    <subfield code="a">SPICS</subfield>
    <subfield code="b">SPICS</subfield>
    <subfield code="d">2013-10-25</subfield>
    <subfield code="l">0</subfield>
    <subfield code="o">85330</subfield>
    <subfield code="r">2013-10-25 00:00:00</subfield>
    <subfield code="w">2013-10-25</subfield>
    <subfield code="y">MD</subfield>
    <subfield code="z">Progr. Ins.: 21198 / N.Vol.: 1 / Copie: 1 - Copia rara: n.d. / date import: 01.01.2014 - By Epidotti, Trombetti, Vaglietti</subfield>
  </datafield>
</record>
